00422pab a2200157 454500008004000000100001700040245004600057260000900103300001300112362000800125650003400133650003600167650002800203700001500231773001800246180718b2011 xxu||||| |||| 00| 0 eng d aAhmad, Tariq aCoalition politics: The Indian experience c2011 ap.31-35. aJun aCoalition governments - India aIndia - Politics and government aPolitics and government aMohd, Gull aThird Concept